Quiz Ligi Mistrzów! - Statystyki

Ogólne statystyki
  • Ten quiz został rozwiązany 374 razy
  • Średni wynik to 38 z 100
Statystyki odpowiedzi
Liczba punktów Kraj Klub % Poprawnych
876 Hiszpania Real Madryt
99%
131 Niemcy Bayer
97%
632 Hiszpania Barcelona
94%
696 Niemcy Bayern
88%
502 Włochy Juventus
87%
385 Anglia Liverpool
87%
512 Anglia Manchester United
87%
292 Włochy Inter
86%
323 Holandia Ajax
85%
417 Włochy Milan
84%
307 Anglia Chelsea
82%
218 Francja PSG
82%
155 Anglia Manchester City
80%
382 Portugalia Porto
80%
371 Portugalia Benfica
79%
306 Anglia Arsenal
78%
240 Niemcy Borussia D
77%
244 Hiszpania Atletico Madryt
76%
53 Niemcy (4) Dynamo
72%
210 Francja OL
69%
205 Szkocja Celtic
68%
207 Holandia PSV
65%
47 Polska Legia
60%
82 Portugalia Sporting
58%
88 Hiszpania Sevilla
56%
126 Ukraina Szachtar
56%
165 Turcja Galatasaray
54%
74 Włochy Napoli
54%
82 Anglia Tottenham
52%
160 Szkocja Rangers
51%
149 Włochy Roma
51%
184 Hiszpania Valencia
49%
235 Ukraina Dynamo Kijów
48%
194 Belgia Anderlecht
46%
123 Czechy Sparta
46%
112 Holandia Feyenoord
44%
141 Francja OM
43%
129 Francja Monaco
42%
46 Grecja AEK
37%
30 Anglia Aston Villa
37%
72 Włochy Lazio
37%
75 Rumunia Dinamo
36%
72 Rosja Zenit
36%
159 Serbia Crvena Zvezda
35%
52 Szwecja Malmo
34%
104 Niemcy Schalke
34%
89 Rosja CSKA Moskwa
33%
64 Turcja Besiktas
32%
73 Niemcy Borussia M
32%
31 Francja Lille
30%
40 Anglia (2) Nottingham Forest
30%
30 Hiszpania Villarreal
30%
30 Szwajcaria Young Boys
30%
169 Grecja Olympiakos
29%
125 Rosja Spartak
29%
102 Szwajcaria Basel
28%
82 Austria Austria Wieden
26%
145 Grecja Panathinaikos
26%
70 Turcja Fenerbahce
25%
60 Niemcy (2) Hamburger
25%
28 Niemcy Wolfsburg
25%
26 Cypr APOEL
24%
31 Hiszpania Athletic Bilbao
24%
66 Włochy Fiorentina
24%
34 Dania Kopenhaga
24%
66 Polska Górnik Zabrze
22%
39 Niemcy Lipsk
21%
121 Bułgaria CSKA Sofia
20%
29 Chorwacja Dinamo Zagrzeb
20%
100 Belgia Brugge
18%
46 Serbia Partizan
18%
77 Austria Rapid Wieden
18%
83 Niemcy Werder Brema
17%
36 Węgry Ferencvaros
16%
35 Rosja Lokomotiv Moskwa
16%
84 Norwegia Rosenborg
16%
47 Chorwacja Hajduk
15%
84 Hiszpania (2) Deportivo La Coruna
14%
100 Rumunia FCSB
14%
64 Francja Saint-Etienne
14%
31 Niemcy Stuttgart
14%
79 Francja Bordeaux
13%
66 Anglia Leeds
13%
50 Francja Nantes
11%
100 Szwecja Goteborg
10%
35 Cypr Omonia
10%
77 Belgia Standard Liege
10%
31 Niemcy (6) Frankfurt
9%
29 Niemcy Koln
9%
26 Turcja Trabzonspor
9%
39 Szwajcaria Zurich
9%
45 Francja Reims
6%
35 Szwajcaria (2) Grasshopper
5%
27 Irlandia Północna Linfield
5%
76 Czechy (2) Dukla Praga
4%
46 Słowacja Spartak Trnava
2%
59 Węgry Ujpest
2%
42 Węgry (2) Vasas
2%
39 Węgry Budapest Honved
1%
42 Niemcy (3) Dynamo Dresden
1%
Nie znaleziono quizów pasujących do podanych kryteriów
Rozkład punktacji
Procent ludzi z każdym wynikiem
Percentyl według liczby udzielonych odpowiedzi
Twoja historia wyników
Nie rozwiązałeś tego quizu